Văn hóa dân gian xứ Nghệ

Salvato in:
Dettagli Bibliografici
Autore principale: Ninh, Viết Giao
Natura: Libro
Lingua:Undetermined
Pubblicazione: Hà Nội Văn hoá Thông tin 2011
Soggetti:
Tags: Aggiungi Tag
Nessun Tag, puoi essere il primo ad aggiungerne! !
Thư viện lưu trữ: Trung tâm Học liệu Trường Đại học Cần Thơ
LEADER 00531nam a2200169Ia 4500
001 CTU_179735
008 210402s9999 xx 000 0 und d
082 |a 398.0959742 
082 |b Gi108/T.9 
100 |a Ninh, Viết Giao 
245 0 |a Văn hóa dân gian xứ Nghệ 
260 |a Hà Nội 
260 |b Văn hoá Thông tin 
260 |c 2011 
650 |a Folkore,Folk literature,Văn hóa dân gian,Văn học dân gian 
904 |i Nguyên 
980 |a Trung tâm Học liệu Trường Đại học Cần Thơ